[Event "27th CRO-Cup"]
[Site "Mali Losinj"]
[Date "2018.05.19"]
[Round "5.21"]
[White "Lalic, Bogdan"]
[Black "Jovanovic, Zoran"]
[Result "1/2-1/2"]
[WhiteElo "2396"]
[BlackElo "2551"]
[PlyCount "49"]
[EventDate "2018.05.16"]

1. d4 d6 2. Nf3 g6 3. c4 Bg7 4. Nc3 Nf6 5. e4 O-O 6. Be2 e5 7. O-O Na6 8. Be3
Qe7 9. dxe5 dxe5 10. Nd5 Qd8 11. Qc2 Ng4 12. Bg5 f6 13. Bd2 c6 14. Nc3 Qe7 15.
Rad1 Nh6 16. a3 Nf7 17. Rfe1 Nc7 18. b4 Bg4 19. Be3 Ne6 20. c5 Rfd8 21. Nd2
Bxe2 22. Nxe2 Rd7 23. Nc4 Rad8 24. Rxd7 Qxd7 25. Nb2 1/2-1/2

[Event "27th CRO-Cup"]
[Site "Mali Losinj"]
[Date "2018.05.19"]
[Round "5.22"]
[White "Pikula, Dejan"]
[Black "Plenkovic, Zdenko"]
[Result "0-1"]
[WhiteElo "2470"]
[BlackElo "2403"]
[PlyCount "82"]
[EventDate "2018.05.16"]

1. e4 c5 2. Nf3 a6 3. c3 d6 4. d4 Nf6 5. Bd3 cxd4 6. cxd4 e5 7. O-O Nbd7 8. Nc3
Be7 9. Re1 O-O 10. h3 b5 11. a4 b4 12. Ne2 d5 13. dxe5 dxe4 14. exf6 Nxf6 15.
Ned4 Bb7 16. Bc4 exf3 17. Nxf3 Qc7 18. Qb3 Rac8 19. Bf1 Bc5 20. Bg5 h6 21. Bxf6
gxf6 22. Rac1 Qb6 23. Rc2 Kh8 24. Nh4 Qd6 25. Qd3 Qf4 26. g3 Rg8 27. Kh2 Qg5
28. Bg2 Rcd8 29. Qe2 Bxg2 30. Nxg2 b3 31. h4 Qf5 32. Rc3 Bb4 33. Rf3 Qc2 34.
Qe3 Bd2 35. Qb6 Bxe1 36. Qxf6+ Kh7 37. Nxe1 Qg6 38. Qc3 Rg7 39. Qxb3 Qb1 40.
Nd3 Rd4 41. Qb7 Rxh4+ 0-1

[Event "27th CRO-Cup"]
[Site "Mali Losinj"]
[Date "2018.05.19"]
[Round "5.23"]
[White "Loncar, Robert"]
[Black "Djurovic, Goran"]
[Result "1-0"]
[WhiteElo "2412"]
[BlackElo "2394"]
[PlyCount "97"]
[EventDate "2018.05.16"]

1. d4 Nf6 2. Nf3 e6 3. c4 d5 4. Bg5 h6 5. Bh4 dxc4 6. Qa4+ c6 7. Qxc4 b5 8. Qc2
g5 9. Bg3 g4 10. Ne5 Bb4+ 11. Nc3 Qxd4 12. e3 Qc5 13. Nd3 Bxc3+ 14. bxc3 Qf5
15. Be2 Nbd7 16. O-O Ne4 17. Bc7 Rg8 18. f3 gxf3 19. Rxf3 Qh7 20. Raf1 Qg7 21.
Nf4 f5 22. Rh3 Nb6 23. Bh5+ Kd7 24. Bxb6 axb6 25. Bf3 Nc5 26. Rg3 Qh8 27. Ng6
Qf6 28. Ne5+ Qxe5 29. Rxg8 Kc7 30. Qd2 Kb7 31. Rd1 Bd7 32. Rxa8 Kxa8 33. Qd4
Qxd4 34. Rxd4 Kb7 35. Bd1 e5 36. Rd6 Be6 37. Bc2 Kc7 38. Rd2 Bxa2 39. Bxf5 Bd5
40. g4 e4 41. h4 Kd6 42. g5 hxg5 43. h5 Ke5 44. h6 Kf6 45. Rh2 Bg8 46. h7 Bxh7
47. Bxh7 Na4 48. Bxe4 c5 49. Rc2 1-0

[Event "27th CRO-Cup"]
[Site "Mali Losinj"]
[Date "2018.05.19"]
[Round "5.24"]
[White "Bukal, Vladimir Jr"]
[Black "Sale, Srdjan"]
[Result "1/2-1/2"]
[WhiteElo "2388"]
[BlackElo "2430"]
[PlyCount "56"]
[EventDate "2018.05.16"]

1. d4 g6 2. Nf3 Bg7 3. Nc3 d6 4. g3 Nf6 5. Bg2 O-O 6. O-O Nbd7 7. a4 a5 8. e4
e5 9. dxe5 dxe5 10. b3 c6 11. Qe2 Re8 12. Rd1 Qc7 13. Nb1 Nc5 14. Nbd2 Bg4 15.
Bb2 Rad8 16. Qc4 b6 17. h3 Bc8 18. Re1 Ba6 19. Qc3 Nfd7 20. Nc4 Ne6 21. Bf1 Nd4
22. Nd6 Qxd6 23. Bxa6 Nc5 24. Bf1 Nce6 25. Kg2 Qb4 26. Qxb4 axb4 27. Nxd4 Nxd4
28. Bxd4 Rxd4 1/2-1/2

[Event "27th CRO-Cup"]
[Site "Mali Losinj"]
[Date "2018.05.19"]
[Round "5.31"]
[White "Nemeth, Miklos"]
[Black "Sprenger, Jan Michael"]
[Result "1/2-1/2"]
[WhiteElo "2491"]
[BlackElo "2496"]
[PlyCount "51"]
[EventDate "2018.05.16"]

1. e4 c5 2. Nf3 Nc6 3. d4 cxd4 4. Nxd4 Nf6 5. Nc3 d6 6. Bg5 Bd7 7. Be2 e6 8.
O-O a6 9. Be3 b5 10. a3 Be7 11. f4 O-O 12. Qe1 Nxd4 13. Bxd4 Bc6 14. Qg3 g6 15.
Bd3 Nh5 16. Qf2 Nxf4 17. Qxf4 e5 18. Qf2 exd4 19. Qxd4 Qc7 20. a4 b4 21. Nd5
Bxd5 22. Qxd5 a5 23. Bc4 Rac8 24. b3 Qc5+ 25. Qxc5 Rxc5 26. Rad1 1/2-1/2

[Event "27th CRO-Cup"]
[Site "Mali Losinj"]
[Date "2018.05.19"]
[Round "5.32"]
[White "Muha, Miljenko"]
[Black "Krstic, Uros"]
[Result "1-0"]
[WhiteElo "2384"]
[BlackElo "2377"]
[PlyCount "113"]
[EventDate "2018.05.16"]

1. d4 d6 2. e4 Nf6 3. Nc3 Nbd7 4. Nf3 e5 5. Bc4 Be7 6. O-O O-O 7. a4 c6 8. Re1
b6 9. d5 Bb7 10. dxc6 Bxc6 11. Bg5 h6 12. Bxf6 Nxf6 13. Qd3 Rc8 14. Nd2 Ba8 15.
Bb3 Rc5 16. Rad1 Qb8 17. Nf1 Rfc8 18. Ng3 g6 19. Qf3 Kg7 20. Nge2 Bb7 21. Nc1
Qa8 22. N1a2 a5 23. Qe3 h5 24. Kh1 h4 25. f3 Bc6 26. Nc1 Bb7 27. Nd3 R5c6 28.
Nf2 Rc5 29. Nh3 Bc6 30. Re2 Qb7 31. Nf2 Bd7 32. Nd3 Rxc3 33. bxc3 Rxc3 34. Rb1
b5 35. Bxf7 Rxd3 36. Qxd3 Kxf7 37. axb5 Qb6 38. Qe3 Bd8 39. Qh6 a4 40. Qd2 Qc5
41. Qe3 Qc4 42. b6 Bb5 43. b7 Nd7 44. Qd3 Qxd3 45. cxd3 Bxd3 46. b8=Q Nxb8 47.
Rxb8 Bxe2 48. Rxd8 Ke7 49. Ra8 Bd1 50. Kg1 Kd7 51. Kf2 Kc7 52. Ke1 Kb7 53. Ra5
Bb3 54. Kd2 d5 55. exd5 h3 56. g3 Kb6 57. d6 1-0

[Event "27th CRO-Cup"]
[Site "Mali Losinj"]
[Date "2018.05.19"]
[Round "5.33"]
[White "Trbojevic, Mladen"]
[Black "Rade, Miroslav"]
[Result "1/2-1/2"]
[WhiteElo "2343"]
[BlackElo "2411"]
[PlyCount "69"]
[EventDate "2018.05.16"]

1. d4 Nf6 2. Nf3 d5 3. Bf4 c5 4. e3 Nc6 5. c3 Qb6 6. dxc5 Qxb2 7. Nbd2 Ne4 8.
Nxe4 dxe4 9. Nd2 e5 10. Bg3 Be6 11. Nxe4 Bxc5 12. Rb1 Qa3 13. Bb5 f5 14. Nxc5
Qxc5 15. O-O O-O 16. Qa4 Rad8 17. Bxc6 bxc6 18. Qb4 Rd5 19. Bh4 Qxb4 20. Rxb4
h6 21. e4 fxe4 22. Bg3 Rd2 23. Rxe4 Rxa2 24. Bxe5 Bf5 25. Re3 a5 26. Rg3 Rf7
27. c4 Be6 28. Rc3 a4 29. Bd6 Rd7 30. Bc5 Rad2 31. h3 R7d3 32. Rxd3 Rxd3 33.
Ra1 a3 34. Bxa3 Bxc4 35. Rc1 1/2-1/2

[Event "27th CRO-Cup"]
[Site "Mali Losinj"]
[Date "2018.05.19"]
[Round "5.34"]
[White "Doric, Darko"]
[Black "Horvat, David"]
[Result "1/2-1/2"]
[WhiteElo "2463"]
[BlackElo "2191"]
[PlyCount "73"]
[EventDate "2018.05.16"]

1. d4 Nf6 2. c4 g6 3. Nc3 Bg7 4. e4 d6 5. h3 O-O 6. Be3 e5 7. d5 Nbd7 8. g4 Nc5
9. Qc2 c6 10. Nge2 cxd5 11. exd5 a5 12. Ng3 Nfd7 13. Be2 a4 14. O-O-O Qa5 15.
Nb5 Ra6 16. h4 Re8 17. f3 e4 18. Nxe4 Nxe4 19. fxe4 Nf6 20. Rde1 Bxg4 21. Bd4
Bd7 22. Nc3 Bh6+ 23. Kb1 Nxe4 24. Bd3 Nd2+ 25. Ka1 Nb3+ 26. Kb1 Nxd4 27. Rxe8+
Bxe8 28. Qf2 Nb3 29. h5 Bg7 30. hxg6 hxg6 31. Ne4 Nc5 32. Nf6+ Kf8 33. Bxg6 Qc7
34. Nh7+ Kg8 35. Nf6+ Kf8 36. Nh7+ Kg8 37. Nf6+ 1/2-1/2

[Event "27th CRO-Cup"]
[Site "Mali Losinj"]
[Date "2018.05.19"]
[Round "5.41"]
[White "Saric, Ibro"]
[Black "Fercec, Nenad"]
[Result "1-0"]
[WhiteElo "2554"]
[BlackElo "2451"]
[PlyCount "67"]
[EventDate "2018.05.16"]

1. d4 Nf6 2. c4 e6 3. Nf3 Bb4+ 4. Nbd2 O-O 5. e3 d5 6. a3 Be7 7. b4 b6 8. Bb2
c6 9. Qc2 a5 10. b5 Bb7 11. cxd5 exd5 12. Bd3 c5 13. dxc5 bxc5 14. O-O Nbd7 15.
a4 Rc8 16. Bf5 g6 17. Bh3 d4 18. Nc4 Qc7 19. Nfd2 Nd5 20. Qb3 Ra8 21. Rac1 Bg5
22. f4 Bh6 23. g3 Rae8 24. e4 Nc3 25. Bxc3 dxc3 26. Qxc3 Bxe4 27. Qxa5 Qxa5 28.
Nxa5 Nb6 29. Nac4 Nxc4 30. Nxc4 Bg7 31. Bg2 Bd4+ 32. Kh1 Bd3 33. a5 Bxf1 34.
Bxf1 1-0

[Event "27th CRO-Cup"]
[Site "Mali Losinj"]
[Date "2018.05.19"]
[Round "5.42"]
[White "Zufic, Miroslav"]
[Black "Saric, Ante"]
[Result "1/2-1/2"]
[WhiteElo "2374"]
[BlackElo "2535"]
[PlyCount "46"]
[EventDate "2018.05.16"]

1. e4 c5 2. Nf3 Nc6 3. Bb5 g6 4. O-O Bg7 5. Re1 e5 6. a3 Nge7 7. b4 d6 8. bxc5
dxc5 9. a4 O-O 10. Bb2 Nd4 11. h3 Nxf3+ 12. Qxf3 Be6 13. Qe2 Rc8 14. Bc4 Bxc4
15. Qxc4 Nc6 16. Bc3 Re8 17. Na3 Bf8 18. d3 Nd4 19. Qa2 b6 20. Rab1 Qd7 21. Nc4
Bh6 22. Bd2 Bxd2 23. Nxd2 Kg7 1/2-1/2

[Event "27th CRO-Cup"]
[Site "Mali Losinj"]
[Date "2018.05.19"]
[Round "5.43"]
[White "Plenca, Julijan"]
[Black "Krsnik Cohar, Ivan Vihor"]
[Result "1-0"]
[WhiteElo "2413"]
[BlackElo "2321"]
[PlyCount "63"]
[EventDate "2018.05.16"]

1. e4 c6 2. d4 d5 3. exd5 cxd5 4. c4 Nf6 5. Nc3 Nc6 6. Bg5 Be6 7. Be2 Qa5 8. c5
Ne4 9. Bd2 Nxd2 10. Qxd2 g6 11. Bb5 Bg7 12. h3 O-O 13. Nf3 Nb4 14. O-O a6 15.
Ba4 Qd8 16. a3 Nc6 17. b4 Bf5 18. Rfe1 Re8 19. Rad1 h6 20. Ne5 Rc8 21. Bb3 Be6
22. Nxc6 bxc6 23. Rxe6 fxe6 24. Qd3 Kh7 25. Bc2 e5 26. Qxg6+ Kg8 27. Qh7+ Kf7
28. Bg6+ Kf8 29. Rd3 e4 30. Rg3 e5 31. Bxe8 Qf6 32. Rxg7 1-0

[Event "27th CRO-Cup"]
[Site "Mali Losinj"]
[Date "2018.05.19"]
[Round "5.44"]
[White "Franic, Milan"]
[Black "Bobanac, Miro"]
[Result "1/2-1/2"]
[WhiteElo "2374"]
[BlackElo "2276"]
[PlyCount "85"]
[EventDate "2018.05.16"]

1. d4 Nf6 2. c4 e5 3. dxe5 Ng4 4. Bf4 Nc6 5. Nf3 Bb4+ 6. Nbd2 Qe7 7. a3 Ngxe5
8. Nxe5 Nxe5 9. e3 Bxd2+ 10. Qxd2 d6 11. Qc3 O-O 12. c5 Ng6 13. cxd6 cxd6 14.
Bg3 d5 15. Qd4 Be6 16. Bd3 Rfc8 17. O-O Qc5 18. Qxc5 Rxc5 19. Rfc1 Rac8 20.
Rxc5 Rxc5 21. Kf1 f6 22. Ke2 Ne5 23. Bxe5 fxe5 24. Kd2 h6 25. f4 exf4 26. exf4
Kf7 27. Ke3 Ke7 28. Kd4 Kd6 29. Re1 Ra5 30. g3 Ra4+ 31. Kc3 Ra5 32. Kb4 b6 33.
Kc3 Rc5+ 34. Kd4 Rc8 35. f5 Bf7 36. g4 Rd8 37. h4 Rc8 38. g5 hxg5 39. hxg5 Rh8
40. g6 Rh4+ 41. Ke3 d4+ 42. Kf2 Bd5 43. Kg3 1/2-1/2

[Event "27th CRO-Cup"]
[Site "Mali Losinj"]
[Date "2018.05.19"]
[Round "5.51"]
[White "Martic, Zlatko"]
[Black "Biti, Ozren"]
[Result "1/2-1/2"]
[WhiteElo "2261"]
[BlackElo "2362"]
[PlyCount "41"]
[EventDate "2018.05.16"]

1. d4 d6 2. e4 Nf6 3. Nc3 e5 4. Nf3 Nbd7 5. Bc4 Be7 6. O-O O-O 7. Re1 c6 8. a4
exd4 9. Nxd4 Ne5 10. Bf1 Re8 11. h3 Bf8 12. g3 Ng6 13. Bg2 Bd7 14. Be3 a6 15.
a5 h6 16. Kh2 Re5 17. Nb3 Rh5 18. Bd4 Ne5 19. Ne2 c5 20. Nf4 Rg5 21. Be3
1/2-1/2

[Event "27th CRO-Cup"]
[Site "Mali Losinj"]
[Date "2018.05.19"]
[Round "5.52"]
[White "Medak, Bojan"]
[Black "Rubil, Marko"]
[Result "0-1"]
[WhiteElo "2380"]
[BlackElo "2227"]
[PlyCount "114"]
[EventDate "2018.05.16"]

1. Nf3 f5 2. b3 Nf6 3. Bb2 g6 4. g3 Bg7 5. Bg2 O-O 6. d4 d6 7. c4 Qe8 8. O-O h6
9. d5 Na6 10. Nd4 Bd7 11. Nc3 c6 12. Qc2 f4 13. Ne4 Ng4 14. h3 Ne5 15. gxf4
cxd5 16. cxd5 Rxf4 17. e3 Rc8 18. Qd2 Rxe4 19. Bxe4 Bxh3 20. Bg2 Bxg2 21. Kxg2
Nc5 22. Ne6 Nxe6 23. dxe6 Qc6+ 24. f3 Qc2 25. Qxc2 Rxc2+ 26. Rf2 Rxf2+ 27. Kxf2
Nd3+ 28. Ke2 Bxb2 29. Rg1 Nc5 30. Rxg6+ Kh7 31. Rg4 Bf6 32. Rc4 Kg6 33. b4 Nxe6
34. Rc8 d5 35. Rb8 d4 36. Rxb7 dxe3 37. Kxe3 Bd4+ 38. Ke4 Kf6 39. a4 Bb6 40.
Rb8 Ng5+ 41. Kd5 Bf2 42. a5 h5 43. b5 h4 44. b6 axb6 45. axb6 e6+ 46. Kc6 Bg3
47. f4 Bxf4 48. Rf8+ Nf7 49. b7 h3 50. b8=Q Bxb8 51. Rxb8 h2 52. Rb1 Ne5+ 53.
Kd6 Nf3 54. Rf1 Kg5 55. Rh1 Kf5 56. Rf1 Ke4 57. Kxe6 Ng1 0-1

[Event "27th CRO-Cup"]
[Site "Mali Losinj"]
[Date "2018.05.19"]
[Round "5.61"]
[White "Livaic, Leon"]
[Black "Bosiocic, Marin"]
[Result "1/2-1/2"]
[WhiteElo "2497"]
[BlackElo "2597"]
[PlyCount "52"]
[EventDate "2018.05.16"]

1. d4 Nf6 2. c4 e6 3. Nf3 d5 4. Nc3 Nbd7 5. cxd5 exd5 6. Qc2 c6 7. Bg5 h6 8.
Bh4 g5 9. Bg3 Nh5 10. O-O-O Nxg3 11. hxg3 Nb6 12. e4 Be6 13. Bd3 Bg7 14. Kb1
Rc8 15. exd5 Nxd5 16. Bf5 Nxc3+ 17. bxc3 Bxf5 18. Qxf5 O-O 19. Ne5 Qb6+ 20. Ka1
c5 21. Nd7 Qa5 22. Rxh6 Qxc3+ 23. Kb1 Qb4+ 24. Ka1 Qc3+ 25. Kb1 Qb4+ 26. Ka1
Qc3+ 1/2-1/2

[Event "27th CRO-Cup"]
[Site "Mali Losinj"]
[Date "2018.05.19"]
[Round "5.62"]
[White "Tica, Sven"]
[Black "Vujakovic, Branko"]
[Result "1-0"]
[WhiteElo "2444"]
[BlackElo "2335"]
[PlyCount "85"]
[EventDate "2018.05.16"]

1. d4 Nf6 2. c4 g6 3. Nc3 d5 4. Bf4 Bg7 5. e3 O-O 6. Rc1 Be6 7. c5 Ne4 8. Bd3
Nxc3 9. Rxc3 Nc6 10. h3 Bc8 11. Nf3 e5 12. dxe5 Qe7 13. Bg5 Qe6 14. Bb5 Bxe5
15. Nxe5 Nxe5 16. Bh6 Rd8 17. Qd4 f6 18. O-O c6 19. Be2 Nf7 20. Bf4 Qe7 21. b4
Bd7 22. a4 Re8 23. f3 Nd8 24. Bd6 Qg7 25. Rd1 Nf7 26. Bh2 Be6 27. b5 Ne5 28. f4
Nd7 29. g4 f5 30. g5 Bf7 31. Bf3 Nf8 32. Qb4 Re7 33. Bg3 Rae8 34. Bf2 Ne6 35.
Rcd3 Rc8 36. Kh2 cxb5 37. Rxd5 bxa4 38. Qxa4 Be8 39. Qb3 Qf7 40. Re5 Bc6 41.
Be2 Qe8 42. Rd6 Ba4 43. Qa2 1-0

[Event "27th CRO-Cup"]
[Site "Mali Losinj"]
[Date "2018.05.19"]
[Round "5.64"]
[White "Petrov, Jole"]
[Black "Brumen, Dinko"]
[Result "1/2-1/2"]
[WhiteElo "2408"]
[BlackElo "2319"]
[PlyCount "74"]
[EventDate "2018.05.16"]

1. Nf3 Nf6 2. d4 e6 3. c4 d5 4. e3 Be7 5. b3 O-O 6. Bb2 b6 7. Bd3 Bb7 8. O-O c5
9. Nbd2 Ne4 10. cxd5 exd5 11. dxc5 bxc5 12. Qc2 f5 13. Rfd1 Qe8 14. Rac1 Nc6
15. a3 Rc8 16. Nf1 Bf6 17. Ng3 Ne5 18. Nxe5 Bxe5 19. Bxe5 Qxe5 20. f4 Qe7 21.
Bxe4 fxe4 22. Qb2 Rb8 23. Qc3 Ba8 24. Rb1 Rb6 25. b4 Rfb8 26. Rdc1 d4 27. Qxc5
Qxc5 28. Rxc5 d3 29. Rbc1 Rd8 30. Nf1 Ra6 31. Nd2 Rxa3 32. Rc8 Rxc8 33. Rxc8+
Kf7 34. Rxa8 Ra1+ 35. Kf2 Ra2 36. Ke1 Ra1+ 37. Kf2 Ra2 1/2-1/2

[Event "27th CRO-Cup"]
[Site "Mali Losinj"]
[Date "2018.05.19"]
[Round "5.71"]
[White "Feletar, Darko"]
[Black "Bodiroga, Predrag"]
[Result "1/2-1/2"]
[WhiteElo "2365"]
[BlackElo "2332"]
[PlyCount "29"]
[EventDate "2018.05.16"]

1. c4 e6 2. Nc3 d5 3. d4 Nf6 4. Bg5 Be7 5. e3 Nbd7 6. Nf3 h6 7. Bh4 O-O 8. Rc1
a6 9. cxd5 exd5 10. Bd3 c6 11. Qc2 Re8 12. O-O Ne4 13. Bxe7 Qxe7 14. Bxe4 dxe4
15. Nd2 1/2-1/2

[Event "27th CRO-Cup"]
[Site "Mali Losinj"]
[Date "2018.05.19"]
[Round "5.72"]
[White "Santa, Robert"]
[Black "Vitic, Ivan"]
[Result "1/2-1/2"]
[WhiteElo "2174"]
[BlackElo "2275"]
[PlyCount "59"]
[EventDate "2018.05.16"]

1. e4 c5 2. Nf3 Nc6 3. c4 g6 4. Nc3 Bg7 5. d3 d6 6. g3 Bg4 7. Bg2 e6 8. h3 Bxf3
9. Bxf3 Nge7 10. Bg5 h6 11. Be3 O-O 12. Qd2 Kh7 13. O-O Rb8 14. Bg2 a6 15. a4
Nd4 16. Bxd4 Bxd4 17. Kh2 Nc6 18. f4 f5 19. Rfe1 Qf6 20. Re2 Rbe8 21. Rae1 Re7
22. Bf3 Kg7 23. h4 h5 24. Kg2 Rfe8 25. exf5 Bxc3 26. bxc3 exf5 27. Bxc6 bxc6
28. Rxe7+ Rxe7 29. Rxe7+ Qxe7 30. Kf3 1/2-1/2

[Event "27th CRO-Cup"]
[Site "Mali Losinj"]
[Date "2018.05.19"]
[Round "5.73"]
[White "Susnjar, Miroslav"]
[Black "Komljenovic, Tihomir"]
[Result "1/2-1/2"]
[WhiteElo "2154"]
[BlackElo "2041"]
[PlyCount "64"]
[EventDate "2018.05.16"]

1. d4 Nf6 2. Nf3 g6 3. g3 Bg7 4. Bg2 O-O 5. O-O d5 6. c4 c6 7. cxd5 cxd5 8. Nc3
Nc6 9. Ne5 e6 10. Nxc6 bxc6 11. Na4 Ba6 12. Nc5 Bc8 13. Bf4 Nd7 14. Rc1 Re8 15.
e4 Qb6 16. Re1 Nxc5 17. dxc5 Qd8 18. exd5 exd5 19. Qa4 Bd7 20. b3 Bb2 21. Rcd1
Bc3 22. Rxe8+ Qxe8 23. Be3 a5 24. Qf4 Rb8 25. Qf3 Rb5 26. Bf1 Rb4 27. Bf4 Bg7
28. Qe2 Re4 29. Qd2 Bg4 30. Rc1 Qd8 31. Re1 Rd4 32. Qe3 Re4 1/2-1/2

[Event "27th CRO-Cup"]
[Site "Mali Losinj"]
[Date "2018.05.19"]
[Round "5.74"]
[White "Blaga, Marijan"]
[Black "Drmic, Bozo"]
[Result "0-1"]
[WhiteElo "1993"]
[BlackElo "2028"]
[PlyCount "62"]
[EventDate "2018.05.16"]

1. e4 c5 2. Nf3 e6 3. d4 cxd4 4. Nxd4 a6 5. a3 Nf6 6. Bd3 Qc7 7. O-O Nc6 8.
Nxc6 dxc6 9. c4 e5 10. b4 Be6 11. Qc2 Be7 12. c5 O-O 13. Bb2 Rfd8 14. Nc3 Nd7
15. Ne2 Bg5 16. Rfd1 Nf8 17. Bc4 Bxc4 18. Qxc4 Ng6 19. g3 h5 20. Qc2 h4 21. Kg2
Rxd1 22. Rxd1 Rd8 23. Rd3 Rxd3 24. Qxd3 Qc8 25. Ng1 Qg4 26. Kf1 Qe6 27. Kg2 Kh7
28. Nh3 Bf6 29. Bc1 Qg4 30. Be3 hxg3 31. Ng1 Nh4+ 0-1

[Event "27th CRO-Cup"]
[Site "Mali Losinj"]
[Date "2018.05.19"]
[Round "5.81"]
[White "Bogut, Zeljko"]
[Black "Pavic, Filip"]
[Result "1-0"]
[WhiteElo "2416"]
[BlackElo "2233"]
[PlyCount "115"]
[EventDate "2018.05.16"]

1. d4 Nf6 2. Bg5 c5 3. d5 d6 4. Nc3 g6 5. Nf3 Bg7 6. e4 Bg4 7. Be2 Bxf3 8. Bxf3
Qa5 9. O-O Nbd7 10. Be2 Qb4 11. Qd3 Ne5 12. Qb5+ Qxb5 13. Bxb5+ Nfd7 14. a4 h6
15. Bd2 g5 16. a5 a6 17. Be2 O-O 18. Nd1 Nf6 19. f3 Rfe8 20. Ne3 g4 21. Nf5 h5
22. Nxg7 Kxg7 23. Bc3 gxf3 24. gxf3 Kh6 25. f4 Ng6 26. Bf3 Nh4 27. Kf2 Rg8 28.
Rg1 Rxg1 29. Rxg1 Nxf3 30. Kxf3 Rg8 31. Rxg8 Nxg8 32. b4 cxb4 33. Bxb4 Nf6 34.
c4 Ne8 35. c5 f6 36. cxd6 exd6 37. e5 fxe5 38. fxe5 dxe5 39. Ke4 Kg6 40. Kxe5
Kf7 41. h4 Nf6 42. Bc5 Nd7+ 43. Kd6 Ke8 44. Ba7 Kd8 45. Bd4 Nf8 46. Bb6+ Kc8
47. Ke7 Nd7 48. d6 Ne5 49. Ba7 Nc6+ 50. Ke8 Ne5 51. Bd4 Nd7 52. Kf7 Nb8 53. Kg6
Kd7 54. Kxh5 Kxd6 55. Kg6 Nd7 56. Bg7 Ke7 57. h5 Nc5 58. h6 1-0

[Event "27th CRO-Cup"]
[Site "Mali Losinj"]
[Date "2018.05.19"]
[Round "5.82"]
[White "Radenic, Filip"]
[Black "Separovic, Tomislav"]
[Result "1-0"]
[WhiteElo "2177"]
[BlackElo "2182"]
[PlyCount "93"]
[EventDate "2018.05.16"]

1. c4 e6 2. Nf3 d5 3. g3 Nf6 4. Bg2 a6 5. O-O Be7 6. d4 O-O 7. Nc3 b6 8. cxd5
exd5 9. Bf4 Bb7 10. Rc1 Bd6 11. Ne5 Qe7 12. Qb3 Qe6 13. Nd3 Nbd7 14. Bxd6 Qxd6
15. Nf4 c6 16. Na4 b5 17. Nc5 Nxc5 18. Rxc5 Rfe8 19. Rc2 Nd7 20. Rfc1 Rad8 21.
e3 a5 22. Qd3 g6 23. h4 Nb8 24. Qd2 a4 25. Nd3 Bc8 26. Ne5 Bb7 27. Qd1 f6 28.
Nd3 Bc8 29. Nf4 Bf5 30. Rd2 Re7 31. Bh3 Bxh3 32. Nxh3 Qc7 33. Nf4 Rd6 34. Rdc2
Qd7 35. Kg2 Kg7 36. Nd3 Qf5 37. Nb4 Qd7 38. Rc5 Qb7 39. Qc2 Ree6 40. h5 Qd7 41.
hxg6 hxg6 42. Rc3 Qe8 43. b3 a3 44. Nd3 g5 45. b4 Qg6 46. Nc5 Qxc2 47. Nxe6+
1-0

[Event "27th CRO-Cup"]
[Site "Mali Losinj"]
[Date "2018.05.19"]
[Round "5.83"]
[White "Ivankovic, Ivo"]
[Black "Nemec, Vjekoslav"]
[Result "0-1"]
[WhiteElo "2102"]
[BlackElo "2202"]
[PlyCount "96"]
[EventDate "2018.05.16"]

1. c4 c5 2. Nf3 g6 3. g3 Bg7 4. Bg2 Nc6 5. Nc3 e6 6. O-O Nge7 7. d3 O-O 8. Rb1
d6 9. Bd2 b6 10. a3 Bb7 11. b4 Qd7 12. b5 Nd4 13. Nxd4 cxd4 14. Na2 Bxg2 15.
Kxg2 d5 16. Nb4 dxc4 17. dxc4 Rac8 18. Rc1 e5 19. Qb3 h6 20. Rfd1 Kh7 21. e4 f5
22. Qd3 Rf7 23. f3 fxe4 24. Qxe4 Nf5 25. Rf1 Nd6 26. Qd3 Qe6 27. Nc6 Rcf8 28.
Bb4 Rxf3 29. Rxf3 e4 30. Rxf8 exd3 31. Re1 Qxc4 32. Re7 Nf5 33. Rd7 d2 34. Bxd2
Qe2+ 35. Kh3 h5 36. Rxf5 Qg4+ 37. Kg2 Qxf5 38. Re7 Qc2 39. Re2 Qd3 40. Rf2 Qxb5
41. Nxa7 Qd7 42. Bb4 Qxa7 43. Re2 d3 44. Rd2 Qd7 45. Kf2 Bh6 46. Rd1 Qd4+ 47.
Kf1 Qe3 48. Bd2 Qe2+ 0-1

[Event "27th CRO-Cup"]
[Site "Mali Losinj"]
[Date "2018.05.19"]
[Round "5.84"]
[White "Pavic, Jakov"]
[Black "Bender, Zdenko"]
[Result "1/2-1/2"]
[WhiteElo "2164"]
[BlackElo "2047"]
[PlyCount "129"]
[EventDate "2018.05.16"]

1. d4 d5 2. c4 e6 3. Nc3 Be7 4. Nf3 Nf6 5. Bg5 O-O 6. e3 Nbd7 7. Rc1 a6 8. cxd5
exd5 9. Bd3 h6 10. Bh4 c5 11. dxc5 Nxc5 12. Be2 Nce4 13. O-O Nxc3 14. bxc3 Ba3
15. Rb1 g5 16. Bg3 b5 17. Qb3 Qe7 18. Be5 Ne4 19. Rbd1 Bb7 20. Bd4 Rac8 21. Ne5
Bd6 22. Ng4 f5 23. Nxh6+ Kh7 24. Nxf5 Rxf5 25. f3 g4 26. fxe4 Bxh2+ 27. Kh1 Rh5
28. Rf5 Rxf5 29. exf5 Qh4 30. Bxg4 Qxg4 31. Kxh2 Rg8 32. Qc2 Bc8 33. Rf1 Rg5
34. Rf4 Qh5+ 35. Kg1 Bxf5 36. Qf2 Kg6 37. Rh4 Qd1+ 38. Kh2 Rh5 39. Qg3+ Qg4 40.
Qd6+ Be6 41. Rxh5 Kxh5 42. Qe5+ Qf5 43. Qh8+ Kg5 44. Qg7+ Qg6 45. Qe5+ Qf5 46.
Qh8 Qg6 47. Kg1 Qb1+ 48. Kf2 Qf5+ 49. Ke2 Qc2+ 50. Kf3 Qd1+ 51. Kf2 Qd2+ 52.
Kg3 Qe1+ 53. Kh2 Qh4+ 54. Qxh4+ Kxh4 55. a3 a5 56. Bb6 a4 57. Kg1 Bf5 58. Kf2
Be4 59. Bc7 Kg4 60. Bd6 Bd3 61. Ke1 Be4 62. Kf2 Bd3 63. g3 Bc4 64. Be5 Bd3 65.
Bd4 1/2-1/2

[Event "27th CRO-Cup"]
[Site "Mali Losinj"]
[Date "2018.05.19"]
[Round "5.91"]
[White "Skuhala, Jernej"]
[Black "Rosic, Slavko S"]
[Result "1-0"]
[WhiteElo "2302"]
[BlackElo "2224"]
[PlyCount "57"]
[EventDate "2018.05.16"]

1. e4 d5 2. exd5 Qxd5 3. Nc3 Qa5 4. d4 e5 5. dxe5 Bb4 6. Bd2 Nc6 7. a3 Nd4 8.
Bb5+ c6 9. Nge2 Nxb5 10. axb4 Qxb4 11. O-O Bg4 12. f3 Bf5 13. Nxb5 Qxb5 14. Nd4
Qc5 15. Be3 Be6 16. Nf5 Qxe5 17. Nd6+ Ke7 18. Ne4 f6 19. Bd4 Qd5 20. c4 Qd8 21.
Rxa7 Nh6 22. Bc5+ Kf7 23. Nd6+ Kg8 24. Rxa8 Qxa8 25. Qe2 Bf7 26. Re1 g6 27. Qe7
Qf8 28. Qxf8+ Kxf8 29. Nf5+ 1-0

[Event "27th CRO-Cup"]
[Site "Mali Losinj"]
[Date "2018.05.19"]
[Round "5.92"]
[White "Ljikar, Zoran"]
[Black "Novak, Ivan"]
[Result "1-0"]
[WhiteElo "2193"]
[BlackElo "2202"]
[PlyCount "111"]
[EventDate "2018.05.16"]

1. e4 c5 2. Nc3 Nc6 3. Nf3 g6 4. d4 cxd4 5. Nxd4 Bg7 6. Be3 d6 7. Qd2 Nf6 8. f3
O-O 9. O-O-O Bd7 10. g4 Rc8 11. h4 h5 12. gxh5 Nxh5 13. Rg1 Ne5 14. Bh6 e6 15.
Bxg7 Kxg7 16. f4 Nc4 17. Bxc4 Rxc4 18. Qe2 Rc5 19. Nb3 Rxc3 20. bxc3 Qxh4 21.
Kb2 Nxf4 22. Qe3 e5 23. Rxd6 Bc6 24. Na5 Qe7 25. Rgd1 Ne6 26. Qxa7 Bxe4 27. Qe3
Qh4 28. Rd7 Qf4 29. Qb6 Bf5 30. Rxb7 Qa4 31. Rd2 Qf4 32. Rf2 Qe4 33. Nb3 Rc8
34. a4 Nf4 35. Qb4 Rc4 36. Qe7 Qd5 37. a5 Ra4 38. Rd2 Qe6 39. Qc5 Rc4 40. Qb5
Be4 41. Rb6 Bc6 42. Nc5 Bxb5 43. Nxe6+ fxe6 44. Rxb5 Kf6 45. Rd1 g5 46. a6 Rc8
47. a7 Ra8 48. Rd7 e4 49. Rb8 Rxa7 50. Rxa7 e3 51. Ra1 Ng2 52. Ka3 Kf5 53. Rg1
e2 54. Rbb1 Nf4 55. c4 g4 56. c5 1-0

[Event "27th CRO-Cup"]
[Site "Mali Losinj"]
[Date "2018.05.19"]
[Round "5.93"]
[White "Havas, Janko"]
[Black "Lesic, Krunoslav"]
[Result "0-1"]
[WhiteElo "2224"]
[BlackElo "2068"]
[PlyCount "134"]
[EventDate "2018.05.16"]

1. d4 e6 2. Bf4 d5 3. e3 c5 4. c3 Nc6 5. Nd2 Nf6 6. Bd3 c4 7. Bc2 b5 8. Ngf3 a5
9. O-O b4 10. e4 Be7 11. Ba4 Bd7 12. e5 Nh5 13. Be3 g6 14. Bh6 Bf8 15. Bxf8
Kxf8 16. g3 Ng7 17. h4 h6 18. Nh2 g5 19. h5 Qe8 20. Bc2 a4 21. a3 bxc3 22. bxc3
Na5 23. Ra2 Nb3 24. g4 Qd8 25. Nb1 Be8 26. Qe1 Ra7 27. Kh1 Ke7 28. f4 Kd7 29.
f5 exf5 30. Bxf5+ Kc6 31. Re2 Re7 32. Nf3 Ne6 33. Bxe6 Rxe6 34. Ng1 Qe7 35.
Ref2 Rf8 36. Rf6 Bd7 37. Kh2 Kb5 38. Kh3 Na5 39. Ne2 Nc6 40. Ng3 Rxf6 41. Rxf6
Re8 42. Qf2 Be6 43. Rxh6 Qf8 44. Rf6 Qh8 45. Nf5 Ka6 46. h6 Rb8 47. Qc2 Ka5 48.
Nd6 Rb3 49. Nd2 Rb6 50. Nf5 Nb8 51. Nxc4+ dxc4 52. d5 Nd7 53. dxe6 fxe6 54. Qf2
exf5 55. Rxb6 Nxb6 56. Qc5+ Ka6 57. Qe7 Qxh6+ 58. Kg2 Qc6+ 59. Kg1 fxg4 60. e6
g3 61. Qxg5 Qf3 62. Qd2 Qe4 63. Qd6 Qe3+ 64. Kg2 Qf2+ 65. Kh3 g2 66. e7 g1=Q
67. e8=Q Qgg2# 0-1